Êtes-vous rapide ? Test de rapidité 123... - Statistiques

Statistiques générales
  • Ce quiz a été pris 4 830 fois
    4 659 depuis la dernière actualisation
  • Le résultat moyen est 25 sur 41
Statistiques - réponses
Nombre Réponse % Correct
0 0
98%
1 1
98%
2 2
97%
3 3
96%
4 4
95%
5 5
94%
6 6
94%
7 7
93%
8 8
93%
9 9
92%
10 10
88%
11 11
86%
12 12
83%
13 13
81%
14 14
79%
15 15
78%
16 16
77%
17 17
76%
18 18
75%
19 19
74%
20 20
69%
21 21
67%
22 22
63%
23 23
58%
24 24
55%
25 25
52%
26 26
51%
27 27
48%
28 28
45%
29 29
42%
30 30
35%
31 31
32%
32 32
28%
33 33
21%
34 34
18%
35 35
16%
36 36
14%
37 37
12%
38 38
10%
39 39
9%
40 40
6%
Aucun quiz correspondant
Distribution des résultats
% des personnes avec chaque résultat
Percentile par nombre de réponses
Votre historique - résultats
Vous n’avez pas pris ce quiz depuis la dernière actualisation